| 000 | 00585nam a22001937a 4500 | ||
|---|---|---|---|
| 005 | 20251108165925.0 | ||
| 008 | 250721s2001 xx 000 0 ara d | ||
| 082 | 1 | 4 | _a347.07565/غيث |
| 100 | 1 | _aغيث، عزت | |
| 245 | 1 | 0 | _aقانون أصول المحاكمات المدنية / |
| 264 | 1 |
_aعمان : _bدار قنديل، _c2001. |
|
| 300 | _a106ص. | ||
| 490 | 0 | _aسلسلة التشريعات القضائية ؛3 | |
| 650 | 1 | 7 | _aالقانون المدني |
| 650 | 1 | 7 | _aالأردن |
| 650 | 1 | 7 | _aالمحاكم المدنية |
| 942 |
_2ddc _cBK |
||
| 999 |
_c34950 _d34950 |
||